| 000 | 01680cam a22003254a 4500 | ||
|---|---|---|---|
| 999 |
_c21264 _d21264 |
||
| 001 | 12295692 | ||
| 005 | 20170121103845.0 | ||
| 008 | 010131s2001 vaua b 001 0 eng | ||
| 010 | _a 2001000694 | ||
| 020 | _a0871205092 (pbk. : alk. paper) | ||
| 050 | 0 | 0 | _aLB3060.83 .C37 2001 |
| 100 | 1 | _aCarr, Judy F. | |
| 245 | 1 | 0 |
_aSucceeding with standards : _blinking curriculum, assessment, and action planning / _cJudy F. Carr and Douglas E. Harris. |
| 260 |
_aAlexandria, Va. : _bAssociation for Supervision and Curriculum Development, _cc2001. |
||
| 300 |
_a204 p. : _bill. ; _c23 cm. |
||
| 504 | _aIncludes bibliographical references (p. 190-193) and index. | ||
| 505 | 0 | _aOverview of standards linking curriculum, assessment, and action planning -- The curriculum and assessment plan -- Defining effective practices for attainment of standards -- The comprehensive assessment system -- Action planning -- Reporting in relation to standards -- Professional development, supervision, and evaluation -- Getting started. | |
| 650 | 0 |
_aEducation _xStandards _zUnited States. |
|
| 650 | 0 |
_aCurriculum planning _zUnited States. |
|
| 650 | 0 |
_aEducational tests and measurements _zUnited States. |
|
| 700 | 1 | _aHarris, Douglas E. | |
| 942 |
_2lcc _cBOOKS |
||